Statistics for Arctic Monkeys Lyrics - I Haven't Got My Strange

Click here to take the quiz!

General Stats

  • This quiz has been taken 11 times
  • The average score is 106 of 145

Answer Stats

Lyrics% Correct
I
100%
a
89%
got
89%
have
89%
(Have
89%
haven't
89%
in
89%
It
89%
me
89%
my
89%
No,
89%
not
89%
Not
89%
on
89%
strange)
89%
strange?)
89%
strange
89%
the
89%
You
89%
you
89%
your
89%
And
78%
if
78%
there
78%
was
78%
were
78%
When
78%
As
67%
as
67%
(As
67%
from
67%
into
67%
It's
67%
love
67%
of
67%
that
67%
To
67%
automatic
56%
back
56%
can't
56%
directing
56%
fixing
56%
fortunate
56%
hair
56%
timing
56%
traffic
56%
been
44%
coat
44%
dropped
44%
favourite
44%
had
44%
hole
44%
like
44%
lining
44%
pocket
44%
shouldn't
44%
slip
44%
snow
44%
story
44%
transmission
44%
yeah
44%
you've
44%
don't
33%
forget
33%
Letting
33%
'til
33%
until
33%
wept,
33%
feel
22%
fetch
22%
long
22%
sat
22%
sleep
22%
steps
22%
weep
22%
arguable
11%
better
11%
I've
11%

Score Distribution

Percentile by Number Answered

Percent of People with Each Score

Your Score History

You have not taken this quiz